| 000 | 00372nam a2200157Ia 4500 | ||
|---|---|---|---|
| 008 | 210719s9999 xx 000 0 und d | ||
| 041 | _aeng | ||
| 082 | _a324.2092 INDI | ||
| 100 | _aINDIRA GANDHI | ||
| 245 | _aIndira Gandhi | ||
| 260 | _bMangalore university | ||
| 300 |
_a74 _bHB |
||
| 650 | _aBiography | ||
| 650 | _aPolitical Science | ||
| 906 | _aGandhi ; Indira | ||
| 999 |
_c212517 _d212517 |
||